Word Ladder: Who's in Charge? Quiz Stats

 Plays Quiz Updated Aug 28, 2017

Challenge
Share
Tweet
Embed
Score 0/27 Timer 03:00
0 Plays Today
Clue 3-Letter-Word % Correct
☆ Organ of sight ☆★ EYE ★
97.7%
Organ of hearingEAR
97.3%
Type of beerALE
95.7%
AffirmativeAYE
94%
Darth Vader, to LukeDAD
93.3%
'___ a Wonderful Life'IT'S
90.5%
☆ Highest ranking employee ☆★ CEO ★
89.4%
To do this is humanERR
89.1%
Pigeon's murmurCOO
88.5%
☆ ___ favor, señor ☆★ POR ★
88.3%
☆ ___ es Salaam, Tanzania ☆★ DAR ★
87.9%
Poetic beforeERE
87.8%
Type of fishCOD
87.5%
Billiards stickCUE
86.9%
Clue 3-Letter-Word % Correct
A dishonorable manCAD
84.3%
Relative of mule or donkeyASS
80.2%
☆ @ @ @ @ @ ☆★ ATS ★
79.7%
Mangy dogCUR
74.7%
Competitor to BritaPUR
74%
☆ 'Rumble in the Jungle' winner ☆★ ALI ★
73.9%
Simpson trial Judge LanceITO
66.5%
☆ Browns or Cavs on a scoreboard ☆★ CLE ★
64.7%
Subdivision of Chevrolet from 1989 to 1997GEO
63.4%
Pontiac sports car from 1964 to 1974GTO
62.5%
Communication method for the deafASL
62.5%
Senator or president, e.gPOL
59.9%
Once ubiquitous ISPAOL
53.7%

Today's Daily Dose

You're not logged in!

Compare scores with friends on all Sporcle quizzes.
Join for Free
OR
Log In

You Might Also Like...

Show Comments

Extras

Top Quizzes Today


Score Distribution

Your Account Isn't Verified!

In order to create a playlist on Sporcle, you need to verify the email address you used during registration. Go to your Sporcle Settings to finish the process.

Report this User

Report this user for behavior that violates our Community Guidelines.

Details: